Fr. Conceicao Rodrigues College of Engineering

Thyristor design and realization (Record no. 34004)

MARC details
000 -LEADER
fixed length control field 00327nam a2200157Ia 4500
020 ## - INTERNATIONAL STANDARD BOOK NUMBER
International Standard Book Number `
082 ## - DEWEY DECIMAL CLASSIFICATION NUMBER
Classification number 621.3815287
Item number TAY
100 ## - MAIN ENTRY--PERSONAL NAME
Personal name Taylor/Paul D
250 ## - EDITION STATEMENT
Edition statement 2
245 ## - TITLE STATEMENT
Title Thyristor design and realization
260 ## - PUBLICATION, DISTRIBUTION, ETC.
Name of publisher, distributor, etc. John Wiley
Date of publication, distribution, etc. 1986
300 ## - PHYSICAL DESCRIPTION
Extent 219
546 ## - LANGUAGE NOTE
Language note ENGLISH
654 ## - SUBJECT ADDED ENTRY--FACETED TOPICAL TERMS
Focus term thyristor
942 ## - ADDED ENTRY ELEMENTS (KOHA)
Koha item type Reference Book
Holdings
Withdrawn status Lost status Damaged status Not for loan Collection Home library Current library Date acquired Total Checkouts Full call number Barcode Date last seen Price effective from Koha item type
        CRC Fr. Agnel's C.Rodrigues College of Engineering Fr. Agnel's C.Rodrigues College of Engineering 17/03/2023   621.3815287 TAY 14317 17/03/2023 17/03/2023 Reference Book